Rozvíjanie cieľov: Čo máme zmeniť?

Gespeichert in:
Bibliographische Detailangaben
1. Verfasser: Rakovská, Júlia, 1972-
Format: Buchkapitel
Sprache:Slowakisch
Tags: Tag hinzufügen
Keine Tags, Fügen Sie das erste Tag hinzu!

MARC

LEADER 00000nla$a2200000$$$4500
001 0060939
005 20240502071659.1
041 0 |a slo 
044 |a SK 
245 1 0 |a Rozvíjanie cieľov: Čo máme zmeniť?  |c Júlia Rakovská 
100 1 |a Rakovská, Júlia, 1972-